000 00335nam a2200133Ia 4500
005 20260328104332.0
008 260328s9999||||xx |||||||||||||| ||und||
100 _aInnes, Malcolm
245 0 _aLighting for Interior Design /
_cMalcolm Innes
260 _bLaurence King
300 _a192 p.
650 _aDISEÑO INTERIOR
942 _cBK
999 _c11752
_d11752